000
00312nam a22001337a 4500
008
170612b xxu||||| |||| 00| 0 eng d
020
_a
9780806527017
041
_a
eng
080
_a
94
100
_a
19
101
_a
SHH
245
_a
CONSPIRATY THE PLOT TO STOP THE KENNEDYS
_c
SMITH.M
942
_2
udc
_c
BK
999
_c
16852
_d
16852